00347nam a22001337a 4500003000500000005001700005008004100022040000600063082001700069245007800086260003200164300000900196500000800205NUST20171218104613.0171218b xxu||||| |||| 00| 0 eng d c0 a677.0287 NIS aTextile Chemistry (TD-214):blab manual for diploma of associate engineer aIslamabadbNISTE.NBFc2002. a30p. aP.B